00495nam a2200193 a 4500001001300000003000900013005001700022008004100039020001000080082001600090100002000106245003000126260003900156300000900195500003500204505002300239650001900262700002000281nice12345678IN_TiNIC20260116011453.0050524s1841 lona grp 000 0 eng  ac10000a492.75bSTE aStewart, Duncan aPracticlal Arabic Grammar aLondonbCambridge Universityc1841 a302p aincludes index and biblioraphy2 aProverbs, Extracts aArabic-Grammar1 aStewart, Duncan